[Event "Lewkowitz Memorial A"]
[Site "Lewkowitz Memorial A"]
[Date "1994.??.??"]
[Round "?"]
[White "Handel, Horst"]
[Black "Patrici, Norberto Eugenio"]
[Result "0-1"]
[WhiteElo "2390"]
[BlackElo "2510"]
[PlyCount "28"]
[EventDate "1994.??.??"]
[Source "www.chesslib.no"]
[SourceDate "2004.05.04"]

1. e4 e5 2. Nf3 Nf6 3. Nxe5 d6 4. Nf3 Nxe4 5. Bd3 Nf6 6. O-O Be7 7. c3 O-O 8. Bc2 Bg4 9. d4 Nc6 10. Qd3 g6 11. Ne1 Bf5 12. Qb5 Bc8 13. d5 Ne5 14. c4 c6 0-1

[Event "29th Elekes Mem GM"]
[Site "Budapest"]
[Date "2004.05.19"]
[Round "5"]
[White "Galyas, Miklos"]
[Black "Izsak, Gyula"]
[Result "1/2-1/2"]
[WhiteElo "2441"]
[BlackElo "2456"]
[PlyCount "31"]
[EventDate "2004.05.15"]
[Source "Roberto Alvarez"]
[SourceDate "2004.05.31"]

1. e4 e5 2. Nf3 Nf6 3. Nxe5 d6 4. Nf3 Nxe4 5. Bd3 Nc5 6. Be2 Be7 7. d4 Ne4 8. O-O O-O 9. Nbd2 Bf5 10. Nxe4 Bxe4 11. Bd3 Bxd3 12. Qxd3 Nd7 13. Re1 d5 14. Bf4 c6 15. Qb3 Nb6 16. a4 1/2-1/2

[Event "FSGM June"]
[Site "Budapest"]
[Date "2003.06.13"]
[Round "6"]
[White "Turov, Maxim"]
[Black "Blauert, Joerg"]
[Result "1/2-1/2"]
[WhiteElo "2531"]
[BlackElo "2364"]
[PlyCount "67"]
[EventDate "2003.06.03"]
[Source "Roberto Alvarez"]
[SourceDate "2003.06.23"]

1. e4 e5 2. Nf3 Nf6 3. Nxe5 d6 4. Nf3 Nxe4 5. Bd3 Nf6 6. h3 Be7 7. O-O O-O 8. c3 c5 9. Bc2 Nc6 10. d4 Be6 11. Re1 h6 12. Be3 Re8 13. Nbd2 Bf8 14. Ne4 Bd5 15. Nxf6+ Qxf6 16. dxc5 Bxf3 17. Qxf3 Qxf3 18. gxf3 dxc5 19. Be4 Rad8 20. a3 g6 21. Red1 Rxd1+ 22. Rxd1 Rd8 23. Rxd8 Nxd8 24. Kf1 Kg7 25. Ke2 f5 26. Bd5 Kf6 27. f4 Bd6 28. Kd3 b5 29. c4 a6 30. Kc3 Ne6 31. cxb5 axb5 32. Bc6 Nxf4 33. Bxb5 Nd5+ 34. Kd3 1/2-1/2

[Event "AUT-chT2S 0102"]
[Site "?"]
[Date "2001.10.07"]
[Round "2.1"]
[White "Horvath Tamas"]
[Black "Pavasovic Dusko"]
[Result "0-1"]
[WhiteElo "2356"]
[BlackElo "2539"]
[PlyCount "118"]
[EventDate "2001.??.??"]
[Source "www.chesslib.no"]
[SourceDate "2004.05.04"]

1. e4 e5 2. Nf3 Nf6 3. Nxe5 d6 4. Nf3 Nxe4 5. Bd3 d5 6. O-O Be7 7. Re1 Nc5 8. Bb5+ c6 9. d4 cxb5 10. dxc5 O-O 11. Be3 b4 12. c3 a5 13. Ne5 Nc6 14. Bd4 Nxe5 15. Rxe5 Ra6 16. Nd2 bxc3 17. bxc3 Rc6 18. Qb3 Bxc5 19. Rxd5 Qc7 20. Rxc5 Rxc5 21. Bxc5 Qxc5 22. Qc4 Qb6 23. Nb3 Be6 24. Qc5 Qxc5 25. Nxc5 Bd5 26. Rd1 Bc6 27. f3 Rc8 28. Nd7 f6 29. Nb6 Re8 30. Kf2 Re5 31. c4 Kf7 32. Nd7 Rh5 33. Nb8 Be8 34. Nd7 Ke7 35. Nb6 Bc6 36. h3 Re5 37. Nc8+ Kf7 38. Rb1 Ke6 39. Rd1 Rc5 40. Nb6 Re5 41. Nc8 Rc5 42. Nb6 h5 43. Rd4 g5 44. h4 Re5 45. hxg5 fxg5 46. Rd8 Rf5 47. Kg3 Re5 48. Kf2 h4 49. Nc8 Rc5 50. Rg8 Rxc4 51. Rg6+ Kf5 52. Ne7+ Kf4 53. Re6 Rc2+ 54. Kg1 Rxa2 55. Kh2 Rc2 56. Rf6+ Ke3 57. Rf5 a4 58. Re5+ Kd3 59. Nf5 Re2 0-1